Защита окружающей среды от выбросов предприятий черной металлургии: тематический сборник научных трудов

Bibliografiske detaljer
Sprog:russisk
Udgivet: Москва, Металлургия, 1988
Fag:
Format: Bog
KOHA link:https://koha.lib.tpu.ru/cgi-bin/koha/opac-detail.pl?biblionumber=373404

MARC

LEADER 00000nam0a2200000 4500
001 373404
005 20231102012549.0
010 |a 5229003944 
035 |a (RuTPU)RU\TPU\retro\30833 
035 |a RU\TPU\book\270606 
090 |a 373404 
100 |a 20221216d1988 k y0rusy50 ca 
101 0 |a rus 
102 |a RU 
105 |a a z 000zy 
200 1 |a Защита окружающей среды от выбросов предприятий черной металлургии  |e тематический сборник научных трудов 
210 |a Москва  |c Металлургия  |d 1988 
215 |a 113 с.  |c ил. 
606 1 |a Черная металлургия  |x Экология  |2 stltpush  |3 (RuTPU)RU\TPU\subj\39566  |9 59574 
610 1 |a металлургические предприятия 
610 1 |a экологические воздействия 
610 1 |a окружающая среда 
610 1 |a защита 
610 1 |a выбросы 
675 |a 669.013:628  |v 3 
801 1 |a RU  |b 63413507  |c 20140127 
801 2 |a RU  |b 63413507  |c 20221216  |g RCR 
942 |c BK